| 000 | 01205nam a22003377a 4500 | ||
|---|---|---|---|
| 003 | CHAP | ||
| 005 | 20220817042958.0 | ||
| 008 | 971013s1996 r 00010 d | ||
| 010 | _a61727 | ||
| 011 | _a62699 | ||
| 035 | _a66874 | ||
| 040 | _cCHAP | ||
| 090 | _aTesis | ||
| 100 | 0 | 0 | _aSánchez Hernández, Miguel Angel. |
| 245 | _aDosis óptima de fertilización para el cultivo de haba (Vicia faba L.) bajo condiciones de temporal en Chapingo, Edo. de México | ||
| 260 |
_aChapingo, Méx. : _bEl autor, _c1996 |
||
| 300 |
_a83 h. _b: ilus. ; gráfs. |
||
| 502 | _aTesis (Ing. Agr. Esp. en Fitotecnia) -- UACH. Departamento de Fitotecnia | ||
| 590 |
_aALEPH _b10 _c20130110 _lUCH01 _h1343 |
||
| 590 |
_aBATCH-UPD _b10 _c20130110 _lUCH01 _h1033 |
||
| 590 |
_aBATCH-UPD _b10 _c20130410 _lUCH01 _h0635 |
||
| 590 |
_aBATCH-UPD _b10 _c20130913 _lUCH01 _h2149 |
||
| 590 |
_aCONVERSION _b10 _c20130109 _lUCH01 _h1333 |
||
| 650 | 1 | 4 |
_aAgricultura de temporal. _91999 |
| 650 | 1 | 4 |
_aFertilizantes para haba. _940621 |
| 650 | 1 | 4 |
_aHaba _zMéxico (Edo.). _952130 |
| 901 | _aBK | ||
| 942 | _cFOLL | ||
| 949 |
_bBC _cTES _d-152117 _eTS1 _h30670 _i66874 _si |
||
| 949 |
_bBC _cTES _d33724000641726 _eTS2 _fc.2 _h30671 _i66874 _si |
||
| 999 |
_c61727 _d61727 |
||